000 00282nam a2200109Ia 4500
001 1276014
005 20260417160439.0
008 260417s9999 xx 000 0 und d
020 _a9786257854436
245 0 _aBir Balina Bir Bavula Nasıl Sığar
_cGuridi
260 _bKetebe Çocuk
999 _c1276014
_d1276014